01453nam a2200217 a 4500008004100000020001500041041000800056092001700064100002400081245003400105250003700139260003400176300001100210500007000221505070600291590003700997655002101034942001301055999001501068952015201083180524e2005 ag ||||g |||| 00| f spa d a9875800546 aspa c808l79sSMI1 aSmith, Wilbur93935 aAves de presa /bWilbur Smith a1a ed.bTraducción Edith Zilli aBuenos Aires:bBooket;c2005. a606 p. aSmith, W. (2005). Aves de presa. (1a ed.). Buenos Aires : Booket. aCorre el año 1667. La guerra naval entre Holanda e Inglaterra está en pleno apogeo y se libra en todos los mares. Sir Francis Courtney, junto a su hijo Hal, actúan como corsarios ingleses. Cerca del sur de África, atrapan un galeón de la Compañía Holandesa de las Indias Orientales cargado de especias, madera y oro. Entre los rehenes se encuentran un gobernador colonial holandés y su seductora esposa. Katinka, mujer sensual e intrigante que no se detendrá ante nada para acabar con los Courtney. La vívida descripción de cruentos combates en alta mar, un exótico viaje al Mar Rojo y los apasionados personajes hacen Aves de presta otra obra maestra de suspenso y aventuras.  aDONACION Victoria Lara mayo 2018 aLiteratura92917 2ddccLIT c2777d2777 00102ddc40708FICaBFMbBFMcCRd2018-05-24eDonacionl0o808 79 SMIp4273r2018-05-24tEj. 1w2018-05-24yLITzDONACION Victoria Lara mayo 2018